00644 a2200181 4500999001500000010001400015020002300029035001300052037001500065082001400080100001800094245008300112260003700195270005500232300002700287942003300314952011500347 c7513d7513 aENG-88049 a8189901060c695.00 aEN-71582 bDBAD / PUB14a956.704431 aMehrish, B.N.1 aThe Iraq war and legal issues :bthe trial of Saddam Hussein /cby B.N.Mehrish aDelhibAcademic Excellencec2007 a42, Ekta Apartments, Geeta Colony,bDelhie110 031 aix, 254 p.c22 cm (HB) adplcEN2ddch956.70443mMEH 001040718NFICaDBADbDBADeDBAD/PUBg695.00l0o956.70443 MEHpEN-71582r2008-09-15 00:00:00t1v695.00yEN